| Tag |
First Indicator |
Second Indicator |
Subfields |
| LEADER |
00000cam a2200000 4500 |
| 001 |
in00004497413 |
| 005 |
20191204153925.0 |
| 008 |
730831s1973 nyu b 001 0 eng |
| 010 |
|
|
|a 73002743
|
| 016 |
7 |
|
|a 0367345
|2 DNLM
|
| 019 |
|
|
|a 717657
|a 221146780
|
| 020 |
|
|
|a 0390519596
|
| 020 |
|
|
|a 9780390519597
|
| 020 |
|
|
|a 0838562752
|
| 020 |
|
|
|a 9780838562758
|
| 035 |
|
|
|a (OCoLC)ocm00702981
|
| 035 |
|
|
|a (OCoLC)702981
|z (OCoLC)717657
|z (OCoLC)221146780
|
| 035 |
|
|
|z (UtOrBLW)54494
|
| 035 |
|
|
|a 75729
|
| 040 |
|
|
|a DLC
|c DLC
|d HML
|d NLM
|d OCLCG
|d EYM
|d AU@
|d CNMBL
|d UtOrBLW
|
| 049 |
|
|
|a TMVM
|c 1
|
| 050 |
|
0 |
|a R737
|b .K557
|
| 060 |
0 |
0 |
|a W 18
|b K69m 1973
|
| 100 |
1 |
|
|a Knight, James A.,
|d 1918-1998.
|
| 245 |
1 |
0 |
|a Medical student; doctor in the making /
|c [by] James A. Knight. Foreword by Charles C. Sprague.
|
| 264 |
|
1 |
|a New York :
|b Appleton-Century-Crofts,
|c [1973]
|
| 300 |
|
|
|a xvii, 244 pages ;
|c 22 cm.
|
| 336 |
|
|
|a text
|2 rdacontent
|b txt
|
| 337 |
|
|
|a unmediated
|2 rdamedia
|
| 338 |
|
|
|a volume
|2 rdacarrier
|b nc
|
| 500 |
|
|
|a Errata slip inserted.
|
| 504 |
|
|
|a Includes bibliographies.
|
| 650 |
|
0 |
|a Medical students.
|
| 650 |
|
0 |
|a Medical education.
|
| 650 |
|
2 |
|a Education, Medical.
|
| 650 |
|
2 |
|a Students, Medical.
|
| 999 |
|
|
|a MARS
|
| 999 |
f |
f |
|s 609689b3-b0cd-3b02-967a-6a71eeef60b8
|i 4b274345-857f-34ba-94db-af720e43e2d6
|t 0
|
| 952 |
f |
f |
|p ric
|a Texas A&M University
|b Rellis Campus
|c Joint Library Facility
|d Remote Storage
|t 0
|e W 18 K69m 1973
|h National Library of Medicine classification
|i unmediated -- volume
|m 323890242787C
|
| 998 |
f |
f |
|a W 18 K69m 1973
|t 0
|l Remote Storage
|